Management pohľadávok a riadenia rizík v obchodných spoločnostiach v SR diplomová práca

Gespeichert in:
Bibliographische Detailangaben
1. Verfasser: Zsigová, Lenka
Körperschaft: Obchodná fakulta EU. Katedra medzinárodného obchodu
Weitere Verfasser: Pavelka, Ľuboš, 1962-
Format: Buch
Sprache:Slowakisch
Veröffentlicht: Bratislava 2021
Tags: Tag hinzufügen
Keine Tags, Fügen Sie das erste Tag hinzu!

MARC

LEADER 00000nbm a2200000 4500
001 0274485
005 20220210095134.1
041 0 |a slo 
044 |a SK 
245 1 0 |a Management pohľadávok a riadenia rizík v obchodných spoločnostiach v SR  |b diplomová práca  |c Lenka Zsigová ; školiteľ: Ľuboš Pavelka 
264 1 |a Bratislava  |c 2021 
300 |a 83 s. 
100 1 |a Zsigová, Lenka 
700 1 |a Pavelka, Ľuboš, 1962- 
710 2 |a Obchodná fakulta EU. Katedra medzinárodného obchodu